000
00262nam a22001097a 4500
008
170118b xxu||||| |||| 00| 0 eng d
020
_a
9781133603405
041
_a
eng
080
_2
5TH
_a
618.2
245
_a
CLINICAL MEDICAL ASSISTING
_c
LINDH, W.Q
942
_2
udc
_c
BK
999
_c
3060
_d
3060